000 00567nam a2200217Ia 4500
005 20241129120225.0
008 241129s9999||||xx |||||||||||||| ||und||
020 _a9788195991723
037 _aTB
040 _aSDCL
_beng
_cSDCL
041 _aeng
_2eng
084 _aZ2y7N29, R3 LR
_qSDCL
100 _aNariman Fali S.
245 0 _aYou Must Know Your Constitution
260 _aNew Delhi
_bHay House
_c2023
300 _a516p.
365 _aINR
_b899
650 _aReference
942 _cTB
_hZ2y7N29, R3 LR
999 _c1233884
_d1233884